[Event "Tournament for UK players"]
[Site "SchemingMind.com"]
[Date "2004.09.03"]
[Round "-"]
[White "AdamMorris"]
[Black "loco61"]
[Result "0-1"]
[WhiteCountry "ENG"]
[BlackCountry "ENG"]
[WhiteElo "1343"]
[WhiteRD "109"]
[BlackElo "1616"]
[BlackRD "73"]
[GameID "3743"]

1. c4 e5 2. Nc3 Nf6 3. g3 Bc5 4. e3 Nc6 5. Bg2 d6 6. Nf3 Bf5 7. d4 exd4 8. exd4 Bb4 9. Bd2 Qe7+ 10. Qe2 Qxe2+
11. Nxe2 Bxd2+ 12. Nxd2 O-O 13. Nc3 Rfe8+ 14. Ne2 Nxd4 15. Bf3 Nxe2 16. Bxe2 Bd3 17. O-O Rxe2 18. Nf3 Rxb2 19. Rfe1 Bxc4 20. Re7 Nd5
21. Ree1 Rxa2 22. Rad1 c6 23. Nd4 a5 24. Re4 Nc3 25. Rde1 Nxe4 26. Rxe4 Bd5 27. Re1 c5 28. Nf5 Kf8 29. Nxd6= c4 30. Kf1 Rd2
31. Kg1 c3 32. Nb5 c2 33. Na3 Rc8 34. Nxc2 Rdxc2 35. h3 Rc1 36. Rxc1 Rxc1+
0-1

[Event "Tournament for UK players"]
[Site "SchemingMind.com"]
[Date "2004.09.07"]
[Round "-"]
[White "Harold"]
[Black "Austin Lockwood"]
[Result "1-0"]
[WhiteCountry "GBR"]
[BlackCountry "ENG"]
[WhiteElo "1498"]
[WhiteRD "79"]
[BlackElo "1576"]
[BlackRD "73"]
[GameID "3789"]

1. e4 Na6 2. d4 c6 3. c3 Nf6 4. e5 Nd5 5. Bc4 e6 6. Nf3 g6 7. Bxa6 bxa6 8. c4 Nf4 9. Bxf4 Rb8 10. b3 Bb4+
11. Bd2 Bxd2+ 12. Nbxd2 f5 13. exf6 Qxf6 14. O-O O-O 15. Ne4 Qf4 16. Nc5 Rb6 17. Ne5 d6 18. Ned7 dxc5 19. dxc5 Rb7 20. Nxf8 Qxf8
21. Qd6 Bd7 22. Qxf8+ Kxf8 23. Rab1 Ke7 24. Rfe1 Kf6 25. Re3
1-0

[Event "Tournament for UK players"]
[Site "SchemingMind.com"]
[Date "2004.09.07"]
[Round "-"]
[White "Harold"]
[Black "Mel"]
[Result "1-0"]
[WhiteCountry "GBR"]
[BlackCountry "USA"]
[WhiteElo "1528"]
[WhiteRD "79"]
[BlackElo "1493"]
[BlackRD "70"]
[GameID "3790"]

1. d4 e6 2. c4 Nf6 3. Nc3 Bb4 4. Qc2 Bxc3+ 5. Qxc3 Ne4 6. Qc2 Nf6 7. b3 Nc6 8. Bb2 d5 9. e3 O-O 10. Bc3 a5
11. Nf3 Qe7 12. a3 Ne4 13. Bd3 f5 14. O-O b6 15. b4 axb4 16. axb4 Bd7 17. b5 Ra3 18. Rxa3 Qxa3 19. bxc6 Bxc6 20. Bb2 Qd6
21. Bxe4 dxe4 22. Ne5 Bb7 23. c5 Qd5 24. f4 b5 25. Bc3 Ba6 26. Bb4 c6 27. Ra1 Ra8 28. h3 g6 29. Qd1 Kg7 30. Ra3 Bb7
31. Rxa8 Bxa8 32. Qa1 Qb3 33. Bd2 b4 34. Kh2 Qa3 35. Qb1 b3 36. Bc1 Qb4 37. Qa1 Bb7 38. Qa7 b2 39. Bxb2 Qxb2 40. Nxc6 Kf6
41. Nd8 Qb5 42. Qxb7 Qe8 43. c6
1-0

[Event "Tournament for UK players"]
[Site "SchemingMind.com"]
[Date "2004.09.07"]
[Round "-"]
[White "Harold"]
[Black "Stephen"]
[Result "0-1"]
[WhiteCountry "GBR"]
[BlackCountry "ENG"]
[WhiteElo "1498"]
[WhiteRD "79"]
[BlackElo "1866"]
[BlackRD "81"]
[GameID "3791"]

1. d4 d5 2. c4 c6 3. Nc3 Nf6 4. e3 g6 5. Nf3 Bg7 6. Be2 O-O 7. O-O dxc4 8. Bxc4 Bg4 9. h3 Bxf3 10. Qxf3 e6
11. e4 Qxd4 12. Bd3 Nbd7 13. Be3 Qxd3 14. Rfd1 Qc4 15. Rd4 Qa6 16. Bf4 b5 17. Rd6 Qb7 18. e5 Nd5 19. a4 Nxf4 20. Qxf4 b4
21. Ne4 Rad8 22. Rad1 Bxe5 23. Qd2 Bxd6 24. Nxd6 Qb8 25. b3 Nf6 26. Qf4 Nd5 27. Qe5 Qxd6 28. Qd4 Rd7 29. Qb2 Rfd8 30. Rd4 Qe7
31. Rc4 c5 32. Qc2 Nc3
0-1

[Event "Tournament for UK players"]
[Site "SchemingMind.com"]
[Date "2004.09.07"]
[Round "-"]
[White "Harold"]
[Black "loco61"]
[Result "0-1"]
[WhiteCountry "GBR"]
[BlackCountry "ENG"]
[WhiteElo "1498"]
[WhiteRD "79"]
[BlackElo "1584"]
[BlackRD "72"]
[GameID "3792"]

1. e4 e5 2. Nf3 Nc6 3. Nc3 Nf6 4. Bc4 h6 5. d3 Bb4 6. Bd2 Bc5 7. h3 a6 8. O-O d6 9. Be3 b6 10. Nd5 Bxe3
11. fxe3 Be6 12. Nxf6+ gxf6 13. Bxe6 fxe6 14. Nh4 Qd7 15. Ng6 Rg8 16. Qh5 O-O-O 17. Qxh6 f5 18. exf5 exf5 19. Qg5 Qe6 20. Rxf5 Rxg6
21. Qg4 Rxg4 22. hxg4 Ne7 23. Rg5 Rg8 24. Rh5 Qxg4 25. Rh2 Nf5 26. Re1 Qf3 27. Rf1 Qxe3+ 28. Rf2 Ng3 29. Rh3 Qc1+
0-1

[Event "Tournament for UK players"]
[Site "SchemingMind.com"]
[Date "2004.09.07"]
[Round "-"]
[White "Harold"]
[Black "bunnywabbit"]
[Result "1-0"]
[WhiteCountry "GBR"]
[BlackCountry "SCO"]
[WhiteElo "1532"]
[WhiteRD "87"]
[BlackElo "1756"]
[BlackRD "100"]
[GameID "3793"]

1. d4 f5 2. g3 g6 3. Bg2 Nf6 4. Nf3 Bg7 5. c4 d6 6. Nc3 O-O 7. O-O Qe8 8. b3 Nc6 9. Nb5 Qd8 10. e3 a6
11. d5 Ne5 12. Nbd4 Nxf3+ 13. Bxf3 Re8 14. Ne6 Bxe6 15. dxe6 c6 16. Bb2 Qc8 17. Qd3 Qxe6 18. Bxf6 Bxf6 19. Rab1 Qd7 20. c5 d5
21. e4
1-0

[Event "Tournament for UK players"]
[Site "SchemingMind.com"]
[Date "2004.09.07"]
[Round "-"]
[White "Harold"]
[Black "AdamMorris"]
[Result "1-0"]
[WhiteCountry "GBR"]
[BlackCountry "ENG"]
[WhiteElo "1482"]
[WhiteRD "79"]
[BlackElo "1318"]
[BlackRD "89"]
[GameID "3794"]

1. e4 b6 2. d4 Bb7 3. Bd3 Nf6 4. Nc3 d5 5. e5 Nfd7 6. Nf3 e6 7. O-O Bb4 8. Bg5 Be7 9. Bf4 O-O 10. a4 a5
11. Nb5 f6 12. exf6 Bxf6 13. c3 Na6 14. Qc2 h6 15. c4 dxc4 16. Bxc4 Nb4 17. Qe2 Bxf3 18. Qxf3 Re8 19. Nxc7 Rf8 20. Nxa8 Bxd4
21. Bxe6+ Kh8 22. Nc7 g5 23. Rad1 Nc2 24. Rd2 Rxf4 25. Qc6 Ne5 26. Qxc2 Qf6 27. g3 Nf3+ 28. Kg2 Nxd2 29. Qxd2 Re4 30. Bd5 Re7
31. Nb5 Rd7 32. Bc6 Qxc6+ 33. f3 Qc4 34. Nc3 Kh7 35. Qc2+ Kg7 36. Qf5 Rf7 37. Qd5 Qd3 38. Rd1 Qc2+ 39. Kh3 Bxc3 40. bxc3 Qf5+
41. Qxf5 Rxf5 42. Rd7+ Kg6 43. Rd6+ Kh5 44. g4#
1-0

[Event "Tournament for UK players"]
[Site "SchemingMind.com"]
[Date "2004.09.07"]
[Round "-"]
[White "Austin Lockwood"]
[Black "Harold"]
[Result "1-0"]
[WhiteCountry "ENG"]
[BlackCountry "GBR"]
[WhiteElo "1576"]
[WhiteRD "73"]
[BlackElo "1498"]
[BlackRD "79"]
[GameID "3795"]

1. b3 e5 2. Bb2 Nc6 3. c4 d6 4. e3 Nf6 5. Nf3 b6 6. Bd3 Nb4 7. Be2 e4 8. Ng5 h6 9. O-O hxg5 10. Nc3 Bb7
11. f3 Qe7 12. fxe4 Nxe4 13. a3 Na6 14. Nxe4 Qxe4 15. Bf3 Qh4 16. Bxb7 Qxh2+ 17. Kf2 Qh4+ 18. Ke2 Qg4+ 19. Bf3 Qc8 20. Bc6+ Kd8
21. Rxf7 Qg4+ 22. Bf3 Qe6 23. Bxa8 Qxf7 24. d4 Kc8 25. d5 Rh2 26. Qf1 Qh5+ 27. Kd2 Qh8 28. b4 Kb8 29. Bc6 Be7 30. Re1 Bf6
31. Bxf6 gxf6 32. c5 f5 33. Kc2 dxc5 34. Qxa6 Rxg2+ 35. Kd3 Qc8 36. Qxc8+ Kxc8 37. Rh1 Kd8 38. d6 cxd6 39. Bxg2 Kc7 40. bxc5 dxc5
41. Rh7+
1-0

[Event "Tournament for UK players"]
[Site "SchemingMind.com"]
[Date "2004.09.07"]
[Round "-"]
[White "Mel"]
[Black "Harold"]
[Result "1-0"]
[WhiteCountry "USA"]
[BlackCountry "GBR"]
[WhiteElo "1546"]
[WhiteRD "76"]
[BlackElo "1482"]
[BlackRD "79"]
[GameID "3796"]

1. c4 Nf6 2. d4 e6 3. Bd2 Nc6 4. Bg5 Bb4+ 5. Bd2 b6 6. a3 Bd6 7. e3 Bb7 8. Nf3 O-O 9. Bd3 e5 10. dxe5 Nxe5
11. Nxe5 Bxe5 12. O-O Bxb2 13. Ra2 Be5 14. Nc3 d5 15. f4 Bxc3 16. Bxc3 Re8 17. Be5 Nd7 18. Bd4 c5 19. Be5 Nxe5 20. fxe5 Rxe5
21. Qf3 g6 22. Qxf7+ Kh8 23. Qxb7 Rxe3 24. Rf7 Re1+ 25. Bf1 Qg8 26. Raf2 dxc4 27. Qc6 c3 28. Qf6+ Qg7 29. Qxg7#
1-0

[Event "Tournament for UK players"]
[Site "SchemingMind.com"]
[Date "2004.09.07"]
[Round "-"]
[White "Stephen"]
[Black "Harold"]
[Result "1-0"]
[WhiteCountry "ENG"]
[BlackCountry "GBR"]
[WhiteElo "1866"]
[WhiteRD "81"]
[BlackElo "1498"]
[BlackRD "79"]
[GameID "3797"]

1. d4 Nf6 2. Nf3 e6 3. Bg5 c5 4. e3 Qb6 5. Nbd2 Qxb2 6. Bd3 d5 7. Bxf6 c4 8. Bxc4 dxc4 9. Bh4 Bb4 10. O-O b5
11. a4 Bd7 12. Ne5 c3 13. Ndf3 bxa4 14. Nc4 Bb5 15. Qd3 Bxc4 16. Qxc4 a3 17. Qc8#
1-0

[Event "Tournament for UK players"]
[Site "SchemingMind.com"]
[Date "2004.09.07"]
[Round "-"]
[White "loco61"]
[Black "Harold"]
[Result "1/2-1/2"]
[WhiteCountry "ENG"]
[BlackCountry "GBR"]
[WhiteElo "1530"]
[WhiteRD "65"]
[BlackElo "1528"]
[BlackRD "79"]
[GameID "3798"]

1. e4 Nf6 2. e5 Nd5 3. Nf3 e6 4. d4 d6 5. c4 Nb6 6. Nc3 Be7 7. Bd3 Bd7 8. b3 Nc6 9. Be3 dxe5 10. dxe5 f6
11. O-O fxe5 12. Be4 Bf6 13. c5 Nd5 14. Nxd5 exd5 15. Bxd5 e4 16. Nd4 Nxd4 17. Bxd4 c6 18. Bxf6 Qxf6 19. Bxe4 O-O-O 20. Qc2 g6
21. Rad1 Qf4 22. g3 Qg4 23. f3 Qg5 24. Rd4 Bh3 25. Rxd8+ Rxd8 26. f4 Qf6 27. Rd1 Rxd1+ 28. Qxd1 Qb2 29. a4 Be6 30. Qd6 Qxb3
31. Qf8+ Kc7 32. Qe7+ Kc8 33. Qe8+ Kc7 34. Qe7+ Bd7 35. Qxh7 Qe3+ 36. Kf1 Qxe4 37. Qg7 Qc4+ 38. Ke1 Qxc5 39. Qxg6 Qb4+ 40. Kd1 Qxa4+
41. Kc1 Qb5 42. Qe4 Qc5+ 43. Kd1 Qg1+ 44. Kc2 Qxh2+ 45. Kc1 Qh5 46. Qe3 b6 47. Kb2 a5 48. Kc3 Qc5+=
1/2-1/2

[Event "Tournament for UK players"]
[Site "SchemingMind.com"]
[Date "2004.09.07"]
[Round "-"]
[White "bunnywabbit"]
[Black "Harold"]
[Result "0-1"]
[WhiteCountry "SCO"]
[BlackCountry "GBR"]
[WhiteElo "1756"]
[WhiteRD "100"]
[BlackElo "1532"]
[BlackRD "87"]
[GameID "3799"]

1. d4 Nf6 2. Nf3 e6 3. e3 d5 4. Bd3 c5 5. b3 b6 6. Bb2 Bb7 7. Nbd2 Be7 8. O-O Nbd7 9. Rc1 O-O 10. c4 Rc8
11. Ne5 Ne4 12. Nxd7 Qxd7 13. Nxe4 dxe4 14. Be2 Bg5 15. Bg4 f5 16. Be2 Bf6 17. Ba3 Rfd8 18. dxc5 Qxd1 19. Rfxd1 bxc5
0-1

[Event "Tournament for UK players"]
[Site "SchemingMind.com"]
[Date "2004.09.07"]
[Round "-"]
[White "AdamMorris"]
[Black "Harold"]
[Result "0-1"]
[WhiteCountry "ENG"]
[BlackCountry "GBR"]
[WhiteElo "1258"]
[WhiteRD "94"]
[BlackElo "1498"]
[BlackRD "79"]
[GameID "3800"]

1. g3 d5 2. c4 e6 3. cxd5 Qxd5 4. Nf3 Qa5 5. Nc3 Nf6 6. Bh3 b6 7. d4 Bb7 8. Bg2 Bb4 9. Bd2 Nc6 10. e3 O-O-O
11. Qb3 Rd7 12. O-O-O Bxc3 13. Bxc3 Qf5 14. Rde1 Ng4 15. Re2 Ne7 16. h3 Bxf3 17. Bxf3 Qxf3 18. Rhe1 Nxf2 19. Qa3 Nd3+ 20. Kb1 Nxe1
21. Rxe1 Kb8 22. Bb4 Qxg3 23. Rc1 Nf5 24. Qb3 Qxh3 25. Qa3 Qxe3 26. Qa4 Rxd4 27. Qc6 Rc8 28. Qb5 Qd3+ 29. Rc2 Qxb5 30. Bc3 Rd1+
31. Rc1 Qf1
0-1

[Event "Tournament for UK players"]
[Site "SchemingMind.com"]
[Date "2004.09.07"]
[Round "-"]
[White "Gary"]
[Black "Austin Lockwood"]
[Result "1-0"]
[WhiteCountry "ENG"]
[BlackCountry "ENG"]
[WhiteElo "1692"]
[WhiteRD "62"]
[BlackElo "1576"]
[BlackRD "73"]
[GameID "3802"]

1. c4 b6 2. Nc3 Bb7 3. e3 g6 4. Nf3 Bg7 5. d4 Nf6 6. Bd3 O-O 7. O-O d6 8. b3 Nbd7 9. Bb2 Bh6 10. Re1 e5
11. d5 Qe7 12. e4 c6 13. Bc1 Bxc1 14. Qxc1 Nc5 15. Bc2 a5 16. a3 Rfe8 17. b4 Ncd7 18. Qd2 cxd5 19. cxd5 Rec8 20. Rac1 axb4
21. axb4 Rc4 22. Rb1 Ra3 23. Nb5 Nxe4 24. Bxe4 Ra4 25. Bd3 Rc8 26. Rec1 Rxc1+ 27. Rxc1 Bxd5 28. Bc2 Rxb4 29. Qxd5 e4 30. Nfd4 Qe5
31. Bxe4 Nf6 32. Qa8+ Kg7 33. Bf3 Rxb5 34. Nxb5 Qxb5 35. Qc6 Qxc6 36. Rxc6
1-0

[Event "Tournament for UK players"]
[Site "SchemingMind.com"]
[Date "2004.09.07"]
[Round "-"]
[White "Gary"]
[Black "Mel"]
[Result "1-0"]
[WhiteCountry "ENG"]
[BlackCountry "USA"]
[WhiteElo "1711"]
[WhiteRD "62"]
[BlackElo "1546"]
[BlackRD "76"]
[GameID "3803"]

1. c4 Nf6 2. Nc3 d5 3. d4 dxc4 4. e4 e6 5. Bxc4 Bb4 6. Bg5 O-O 7. Ne2 c6 8. e5 b5 9. exf6 g6 10. Bb3 Nd7
11. O-O Nxf6 12. Ne4 Be7 13. Bh6 Re8 14. f3 Nd5 15. Qd2 Bb4 16. Qc1 f5 17. Bg5 Be7 18. Bxe7 Qxe7 19. Qxc6 Bd7 20. Qd6 fxe4
21. Qxe7 Nxe7 22. fxe4 b4 23. Rac1 a5 24. Rc7 Bb5 25. Bxe6+ Kg7 26. Rf7+ Kh6 27. Rfxe7 Rxe7 28. Rxe7 Bxe2 29. d5 Rf8 30. Rf7 Rxf7
31. Bxf7 Kg7 32. Be8 Kf6 33. Kf2 Bd3 34. Ke3 Bb1 35. a3 Ke5 36. axb4 axb4 37. g3 Bxe4 38. d6
1-0

[Event "Tournament for UK players"]
[Site "SchemingMind.com"]
[Date "2004.09.07"]
[Round "-"]
[White "Gary"]
[Black "Harold"]
[Result "1-0"]
[WhiteCountry "ENG"]
[BlackCountry "GBR"]
[WhiteElo "1711"]
[WhiteRD "62"]
[BlackElo "1482"]
[BlackRD "79"]
[GameID "3804"]

1. c4 Nf6 2. Nc3 e6 3. g3 c5 4. Bg2 d5 5. cxd5 exd5 6. d4 Be6 7. Nf3 Nc6 8. O-O Be7 9. dxc5 Bxc5 10. Bg5 O-O
11. Qb3 d4 12. Qxb7 dxc3 13. Qxc6 Bb4 14. bxc3 Rc8 15. Qa4 Bxc3 16. Rac1 Rc4 17. Qxa7 h6 18. Bxf6 Qxf6 19. a4 Bb2 20. Rxc4 Bxc4
21. Qe3 Ra8 22. Ng5 Qxg5 23. Qxg5 hxg5 24. Bxa8 Bxe2 25. Re1 Bd3 26. Re8+ Kh7 27. Be4+
1-0

[Event "Tournament for UK players"]
[Site "SchemingMind.com"]
[Date "2004.09.07"]
[Round "-"]
[White "Gary"]
[Black "Stephen"]
[Result "1/2-1/2"]
[WhiteCountry "ENG"]
[BlackCountry "ENG"]
[WhiteElo "1692"]
[WhiteRD "62"]
[BlackElo "1866"]
[BlackRD "81"]
[GameID "3805"]

1. c4 Nf6 2. Nc3 c6 3. Nf3 d5 4. cxd5 cxd5 5. e3 Nc6 6. d4 Bg4 7. Be2 e6 8. O-O Be7 9. Qb3 Qd7 10. Bd2 O-O
11. h3 Bh5 12. Rac1 Rac8 13. Na4 Ne4 14. Bc3 Nxc3 15. Nxc3 Bxf3 16. Bxf3=
1/2-1/2

[Event "Tournament for UK players"]
[Site "SchemingMind.com"]
[Date "2004.09.07"]
[Round "-"]
[White "Gary"]
[Black "loco61"]
[Result "1-0"]
[WhiteCountry "ENG"]
[BlackCountry "ENG"]
[WhiteElo "1692"]
[WhiteRD "62"]
[BlackElo "1584"]
[BlackRD "72"]
[GameID "3806"]

1. c4 e5 2. Nc3 Bc5 3. Nf3 Nc6 4. e3 Nf6 5. Be2 d5 6. cxd5 Nxd5 7. O-O Be6 8. a3 Qf6 9. Ne4 Qe7 10. Nxc5 Qxc5
11. b4 Qd6 12. Bb2 f6 13. Rc1 Ncxb4 14. axb4 Qxb4 15. Ba1 O-O 16. Bc4 c6 17. Qe2 b5 18. Bd3 a5 19. Rxc6 Bd7 20. Rcc1 Qa4
21. Bc2 Qb4 22. Rb1 Qc5 23. d4 Qc6 24. Be4 Rfe8 25. Rfc1 Qd6 26. Rc5 Rac8 27. Rxd5 Qe6 28. dxe5 fxe5 29. Qd3 Bc6 30. Bxh7+ Kh8
31. Rd6 Qe7 32. Nxe5
1-0

[Event "Tournament for UK players"]
[Site "SchemingMind.com"]
[Date "2004.09.07"]
[Round "-"]
[White "Gary"]
[Black "bunnywabbit"]
[Result "0-1"]
[WhiteCountry "ENG"]
[BlackCountry "SCO"]
[WhiteElo "1692"]
[WhiteRD "56"]
[BlackElo "1899"]
[BlackRD "91"]
[GameID "3807"]

1. c4 f5 2. Nc3 Nf6 3. g3 g6 4. Bg2 Bg7 5. Nf3 O-O 6. O-O d6 7. d4 Qe8 8. b3 Nc6 9. Bb2 e5 10. Nb5 Qf7
11. dxe5 Ne4 12. e6 Bxe6 13. Bxg7 Qxg7 14. Nbd4 Nxd4 15. Nxd4 Bd7 16. e3 Nc5 17. b4 Ne6 18. Bxb7 Rab8 19. Bd5 Rfe8 20. Qb3 Kh8
21. Nxe6 Bxe6 22. Bxe6 Rxe6 23. c5 Re4 24. cxd6 cxd6 25. a3 Qe5 26. Rfd1 a5 27. Rd5 Qxa1+
0-1

[Event "Tournament for UK players"]
[Site "SchemingMind.com"]
[Date "2004.09.07"]
[Round "-"]
[White "Gary"]
[Black "AdamMorris"]
[Result "1-0"]
[WhiteCountry "ENG"]
[BlackCountry "ENG"]
[WhiteElo "1692"]
[WhiteRD "62"]
[BlackElo "1258"]
[BlackRD "94"]
[GameID "3808"]

1. c4 c5 2. Nc3 g6 3. b3 Bg7 4. Bb2 Nc6 5. Nf3 e6 6. e3 Nge7 7. Be2 Qc7 8. O-O Ne5 9. Nb5 Qb8 10. Nxe5 Bxe5
11. Bxe5 Qxe5 12. d4 cxd4 13. exd4 Qf6 14. Nc7+ Kd8 15. Nxa8 h5 16. Bf3 Nf5 17. d5 h4 18. Bg4 Qe5 19. Re1 Qf4 20. Bxf5 Qxf5
21. Qd4 Rh5 22. Qxa7 h3 23. Qb6+ Ke7 24. Qc5+ Kf6 25. Qd4+ Ke7 26. Nb6 Qg5 27. Nxc8+ Kd8 28. g3 Rh4 29. Qxh4 Qxh4 30. gxh4 Kxc8
31. dxe6
1-0

[Event "Tournament for UK players"]
[Site "SchemingMind.com"]
[Date "2004.09.07"]
[Round "-"]
[White "Austin Lockwood"]
[Black "Gary"]
[Result "0-1"]
[WhiteCountry "ENG"]
[BlackCountry "ENG"]
[WhiteElo "1576"]
[WhiteRD "73"]
[BlackElo "1692"]
[BlackRD "62"]
[GameID "3809"]

1. d4 d5 2. g3 Nf6 3. Bg2 Nc6 4. Nf3 Bg4 5. O-O Qd7 6. Ne5 Nxe5 7. dxe5 Ng8 8. Qxd5 Qxd5 9. Bxd5 c6 10. Bc4 O-O-O
11. Be3 Kb8 12. Nc3 e6 13. Rfd1 Be7 14. Rxd8+ Bxd8 15. Ne4 Bc7 16. b4 Bxe5 17. Rd1 Nf6 18. Nd6 Rd8 19. Bc5 Ne4 20. f3 Bxf3
21. exf3 Nxd6 22. f4 Nxc4 23. fxe5 Rxd1+
0-1

[Event "Tournament for UK players"]
[Site "SchemingMind.com"]
[Date "2004.09.07"]
[Round "-"]
[White "Mel"]
[Black "Gary"]
[Result "1-0"]
[WhiteCountry "USA"]
[BlackCountry "ENG"]
[WhiteElo "1539"]
[WhiteRD "81"]
[BlackElo "1692"]
[BlackRD "62"]
[GameID "3810"]

1. e4 c5 2. Nf3 d6 3. Bc4 Nc6 4. O-O Nf6 5. d3 e6 6. Nc3 g6 7. Qe2 Bg7 8. a3 O-O 9. Be3 d5 10. e5 Nd7
11. Bb5 Ncxe5 12. Nxe5 Bxe5 13. Bh6 Bg7 14. Bxg7 Kxg7 15. Bxd7 Bxd7 16. b4 cxb4 17. axb4 Qc7 18. Ra3 Rac8 19. d4 Qf4 20. Rd1 Rc4
21. g3 Qf6 22. b5 Rxd4 23. Rxa7 Rxd1+ 24. Nxd1 Rb8 25. c4 Qd4 26. Ra3 Qxc4 27. Qe5+ f6 28. Qxb8 Qxb5 29. Ra8
1-0

[Event "Tournament for UK players"]
[Site "SchemingMind.com"]
[Date "2004.09.08"]
[Round "-"]
[White "Harold"]
[Black "Gary"]
[Result "1/2-1/2"]
[WhiteCountry "GBR"]
[BlackCountry "ENG"]
[WhiteElo "1482"]
[WhiteRD "79"]
[BlackElo "1711"]
[BlackRD "62"]
[GameID "3811"]

1. d4 d5 2. c4 c6 3. Nf3 Nf6 4. Nc3 Bg4 5. Ne5 Bf5 6. e3 e6 7. b3 Bb4 8. Bd2 O-O 9. a3 Bxc3 10. Bxc3 Nbd7
11. g3 Be4 12. f3 Bg6 13. Nxg6 fxg6 14. Bh3 Re8 15. Bg2 e5 16. e4 exd4 17. Qxd4 c5 18. Qe3 d4 19. Bxd4 cxd4 20. Qxd4 b6
21. O-O-O Nc5 22. Qxd8 Raxd8 23. Rxd8 Rxd8 24. Kc2 Rd3 25. b4 Rxa3 26. bxc5 Ra2+ 27. Kd3 Rxg2 28. c6 Ne8 29. e5 Kf7 30. Ra1 Ke6
31. Rxa7 Kxe5 32. Re7+ Kd6 33. Rxe8 Kxc6 34. Re2 Rxe2=
1/2-1/2

[Event "Tournament for UK players"]
[Site "SchemingMind.com"]
[Date "2004.09.07"]
[Round "-"]
[White "Stephen"]
[Black "Gary"]
[Result "1-0"]
[WhiteCountry "ENG"]
[BlackCountry "ENG"]
[WhiteElo "1914"]
[WhiteRD "86"]
[BlackElo "1634"]
[BlackRD "62"]
[GameID "3812"]

1. d4 d5 2. Nf3 Nf6 3. Bg5 e6 4. e3 Be7 5. Bd3 O-O 6. Nbd2 Nbd7 7. c3 c5 8. Ne5 b6 9. f4 Bb7 10. Qf3 h6
11. h4 Rc8 12. g4 cxd4 13. exd4
1-0

[Event "Tournament for UK players"]
[Site "SchemingMind.com"]
[Date "2004.09.07"]
[Round "-"]
[White "loco61"]
[Black "Gary"]
[Result "0-1"]
[WhiteCountry "ENG"]
[BlackCountry "ENG"]
[WhiteElo "1584"]
[WhiteRD "72"]
[BlackElo "1692"]
[BlackRD "62"]
[GameID "3813"]

1. e4 c5 2. Nf3 d6 3. d4 cxd4 4. Nxd4 Nf6 5. Nc3 a6 6. Bc4 e5 7. Nf3 h6 8. h3 Be7 9. Nd5 Nxd5 10. Bxd5 O-O
11. b3 Nc6 12. c3 Kh8 13. Be3 f5 14. exf5 Bxf5 15. Qd2 Rc8 16. g4 Bg6 17. Be6 Rb8 18. h4 Rxf3 19. Bxh6 gxh6 20. Qxh6+ Bh7
21. Bf5 Qg8 22. g5 Rxf5
0-1

[Event "Tournament for UK players"]
[Site "SchemingMind.com"]
[Date "2004.09.07"]
[Round "-"]
[White "bunnywabbit"]
[Black "Gary"]
[Result "1-0"]
[WhiteCountry "SCO"]
[BlackCountry "ENG"]
[WhiteElo "1899"]
[WhiteRD "91"]
[BlackElo "1692"]
[BlackRD "56"]
[GameID "3814"]

1. d4 d5 2. Nf3 Nf6 3. e3 Bg4 4. c4 e6 5. Qb3 Bxf3 6. Qxb7 dxc4 7. Qxf3 Nbd7 8. Bxc4 Bb4+ 9. Bd2 Bxd2+ 10. Nxd2 O-O
11. O-O Rb8 12. b3 Nb6 13. Rac1 Qe7 14. Ne4 Nbd5 15. Rc2 Rfd8 16. Rfc1 Rbc8 17. Ba6 Rb8 18. Nxf6+ Qxf6 19. Qxf6 gxf6 20. Bc4 c6
21. Bxd5 cxd5 22. Rc7 Ra8 23. g3 a5 24. a3 Rab8 25. R1c3 e5 26. Ra7 Ra8 27. Rcc7 Rf8 28. dxe5 fxe5 29. Rd7
1-0

[Event "Tournament for UK players"]
[Site "SchemingMind.com"]
[Date "2004.09.08"]
[Round "-"]
[White "AdamMorris"]
[Black "Gary"]
[Result "0-1"]
[WhiteCountry "ENG"]
[BlackCountry "ENG"]
[WhiteElo "1258"]
[WhiteRD "94"]
[BlackElo "1692"]
[BlackRD "62"]
[GameID "3815"]

1. d4 d5 2. g3 Nf6 3. Bg2 e6 4. e3 Bb4+ 5. c3 Bd6 6. Nf3 O-O 7. Qc2 h6 8. O-O Nc6 9. Re1 b6 10. Bf1 a6
11. Nbd2 Re8 12. e4 e5 13. exd5 Nxd5 14. Bc4 Nf6 15. Ne4 Nxe4 16. Qxe4 Bd7 17. Bd5 exd4 18. Qd3 Rxe1+ 19. Nxe1 dxc3 20. Qxc3 Bb4
21. Qf3 Ne5 22. Qe4 c6 23. Qxe5 cxd5 24. Bxh6 gxh6 25. Nf3 Be6 26. Nd4 Qd6 27. Qf6 Bc5 28. Nxe6 Qxe6 29. Qf4 Re8 30. Kf1 Qe2+
31. Kg1 Qxb2 32. Rc1 Re4 33. Qb8+ Kg7 34. Rf1 Qxa2 35. Qc8 a5 36. Qd7 a4 37. Qf5 a3 38. Rd1 Qc2 39. Qxd5 Qxf2+ 40. Kh1 Qf3#
0-1